000
00342 a2200157 4500
001
72223
020
_a
8532245420
040
_c
Anchieta - Colégio São Paulo
100
_a
Vieira, Isabel
240
1
0
_a
Em busca de mim
_l
por
245
1
0
_a
Em busca de mim
300
_a
101
362
0
_a
2001
650
4
_a
Literatura juvenil
942
_c
BK
999
_c
72223
_d
72223